High performance computing systems and applications (Record no. 66136)
[ view plain ]
| 000 -LEADER | |
|---|---|
| fixed length control field | 01493nam a2200349Ia 4500 |
| 082 04 - DEWEY DECIMAL CLASSIFICATION NUMBER | |
| Classification number | 004/.3 |
| 245 00 - TITLE STATEMENT | |
| Title | High performance computing systems and applications |
| 260 ## - PUBLICATION, DISTRIBUTION, ETC. (IMPRINT) | |
| Place of publication | Boston : |
| Name of publisher | Kluwer Academic, |
| Year of publication | c2002. |
| 300 ## - PHYSICAL DESCRIPTION | |
| Number of Pages | xvi, 602 p. : |
| Other physical details | ill. |
| 490 1# - SERIES STATEMENT | |
| Series statement | The Kluwer international series in engineering and computer science ; |
| 650 #0 - SUBJECT ADDED ENTRY--TOPICAL TERM | |
| Topical Term | High performance computing. |
| Topical Term | Computer systems. |
| 700 1# - ADDED ENTRY--PERSONAL NAME | |
| Personal name | Pollard, Andrew, |
| Personal name | Mewhort, Douglas J. K., |
| Personal name | Weaver, Donald F., |
| 856 40 - ELECTRONIC LOCATION AND ACCESS | |
| Uniform Resource Identifier | http://site.ebrary.com/lib/rucke/Doc?id=10053253 |
No items available.
